000 00463nam a2200181Ia 4500
008 240925s9999 xx 000 0 und d
020 _aNA
082 _a512 MCC
100 _aMcCopy ,Neal H.
245 0 _aIntroduction to Modern Algebra
250 _aNA
260 _aBoston:
_bAllyn and Bacon
_c,1969.
300 _aVarious pages
_bNA
_fOriginal
500 _aIncludes Index
600 _aHumanities & Natural Science
650 _aMathematics
942 _cBK
999 _c3868
_d3868